Statistics for Countries that American Airlines flies to - with a map

Click here to take the quiz!

General Stats

  • This quiz has been taken 899 times
  • The average score is 37 of 47

Answer Stats

Country % Correct
Canada
98%
Mexico
97%
Brazil
96%
France
96%
Spain
96%
United Kingdom
96%
United States
95%
Germany
94%
Argentina
93%
Italy
93%
Australia
93%
China
92%
Chile
91%
Ireland
90%
Portugal
90%
Colombia
90%
Japan
90%
Peru
88%
Panama
85%
Netherlands
84%
Venezuela
84%
Cuba
84%
Bolivia
83%
Uruguay
83%
Ecuador
82%
New Zealand
81%
Costa Rica
79%
South Korea
78%
Switzerland
78%
Haiti
78%
Honduras
78%
Bahamas
78%
Guatemala
77%
Dominican Republic
77%
Nicaragua
74%
Belize
73%
Jamaica
72%
El Salvador
72%
Greece
68%
Barbados
58%
Trinidad and Tobago
55%
Antigua and Barbuda
52%
St Kitts and Nevis
51%
St Lucia
50%
Grenada
45%
Czechia
38%
Hungary
33%

Score Distribution

Percentile by Number Answered

Percent of People with Each Score

Your Score History

You have not taken this quiz